000 00586nam a2200193Ia 4500
005 20250326144535.0
008 250326s9999 xx 000 0 und d
020 _a0-471-48692-2
037 _aTextbook
040 _aFMSL
_beng
_cFMSL
041 _aeng
_2eng
084 _aS:4-5 P4
_qFMSL
100 _aPapageorgiou C
_9749854
245 0 _aDepressive rumination-nature theory and treatment
_cPapageorgiou C And Others
260 _aUnited Kingdom
_bUnited Kingdom, John wiley & sons ltd
_c2004
300 _a282p
942 _cTB
_hS:4-5 P4
999 _c1304102
_d1304102